| 000 | 00981nam a22002292 4500 | ||
|---|---|---|---|
| 001 | 0000002022 | ||
| 005 | 20151217151837.0 | ||
| 008 | 070330s xx 000 0 eng d | ||
| 020 |
_a9211311896 : _cKES 2,150 |
||
| 040 |
_aKABU _cKABU |
||
| 050 | 0 |
_aHD7391 _b.U55 1991 |
|
| 110 | 2 |
_aUnited Nations. _bCommission on Human Settlements. _@0000151208 |
|
| 245 | 1 | 0 |
_aShelter for today and tomorrow : _benabling the sustainable development of appropriate shelter and human settlement : the work of the Commission on Human Settlements and its thirteenth session. |
| 260 |
_aNairobi : _bUnited Nations Centre for Human Settlements (Habitat), _c1991. |
||
| 300 |
_avi, 603 p. ; _c21 cm. |
||
| 650 | 0 |
_aHousing _zDeveloping countries _xCongresses. _@0000151209 |
|
| 710 | 2 |
_aUnited Nations Centre for Human Settlements. _@0000151084 |
|
| 908 | _a070330 | ||
| 950 | _@1 | ||
| 999 |
_c5595 _d5595 |
||